LIBRARY & INFORMATION CENTRE, KCAET, TAVANUR

ONLINE PUBLIC ACCESS CATALOGUE (OPAC)

Development and performance evaluation of a black pepper skinner (Record no. 15275)

MARC details
000 -LEADER
fixed length control field 00574nam a22001697a 4500
003 - CONTROL NUMBER IDENTIFIER
control field OSt
088 ## - REPORT NUMBER
Report number T 61
100 ## - MAIN ENTRY--AUTHOR NAME
Personal name ANANDABOSE D
245 ## - TITLE STATEMENT
Title Development and performance evaluation of a black pepper skinner
260 ## - PUBLICATION, DISTRIBUTION, ETC. (IMPRINT)
Place of publication Tavanur 1996
Name of publisher Kelappaji College of Agricultrual Engineering and Technology
300 ## - PHYSICAL DESCRIPTION
Number of Pages 86
500 ## - GENERAL NOTE
General note Development and performance evaluation of a black pepper skinner
520 ## - SUMMARY, ETC.
Summary, etc Development and performance evaluation of a black pepper skinner
700 ## - ADDED ENTRY--PERSONAL NAME
Personal name Er. Jippu Jacob (Guide)
942 ## - ADDED ENTRY ELEMENTS (KOHA)
Koha item type Theses
Holdings
Collection code Home library Current library Shelving location Full call number Accession Number Koha item type Public note
Reference KAUAET KAUAET Reference 631.3 ANA/DE T 61 Theses M.Tech Thesis
free website counter